| 000 | 02223cam a2200265 4500500 | ||
|---|---|---|---|
| 005 | 20260405002603.0 | ||
| 041 | _afre | ||
| 042 | _adc | ||
| 100 | 1 | 0 |
_aRoux, Magali _eauthor |
| 700 | 1 | 0 |
_aWaltzing, Aline _eauthor |
| 700 | 1 | 0 |
_aEbel Jost, Emmanuelle _eauthor |
| 245 | 0 | 0 | _aLa négociation des savoirs dans la structuration d’une communauté thématique de chercheurs : un enjeu de professionnalisation |
| 260 | _c2026. | ||
| 500 | _a72 | ||
| 520 | _aEn étudiant un réseau thématique de chercheurs, nous analysons en quoi et comment la négociation des savoirs participe à la professionnalisation de ses membres. Quatre dynamiques sont ici à l’œuvre: des transactions identitaires (les identités professionnelles se redéfinissent, Dubar, 2008) ; la transaction sociale (les membres du réseau se confrontent aux positionnements et pratiques des uns et des autres, Stoessel-Ritz et Blanc, 2020) ; un travail institutionnel (les modes de coopération et les rapports de pouvoir se reconfigurent, Lawrence et Suddaby, 2006) ; et la traduction (Akrich, Callon, Latour, 2006) entre chercheurs du réseau, mais aussi entre les chercheurs et accompagnatrices du réseau. | ||
| 520 | _aBy studying a thematic network of researchers, we analyze how and in what ways the negotiation of knowledge contributes to the professionalisation of its members. Four dynamics are at work here: identity transactions (professional identities are redefined; Dubar 2008); social transactions (network members engage with and challenge each other’s positions and practices; Stoessel-Ritz and Blanc 2020); institutional work (modes of governance, cooperation, and power relations are reconfigured; Lawrence and Suddaby 2006); and translation (Akrich et al. 2006) between researchers in the network, but also between researchers and network facilitators. | ||
| 690 | _anégociation des savoirs | ||
| 690 | _atraduction | ||
| 690 | _atransaction sociale | ||
| 690 | _aknowledge negotiation | ||
| 690 | _asocial transaction | ||
| 690 | _atranslation | ||
| 786 | 0 | _nPhronesis | 15 | 4 | 2026-03-06 | p. 129-150 | |
| 856 | 4 | 1 | _uhttps://shs.cairn.info/revue-phronesis-2026-4-page-129?lang=fr&redirect-ssocas=7080 |
| 999 |
_c2059074 _d2059074 |
||